[Event "Sautron op 16th"]
[Site "Sautron"]
[Date "2016.10.29"]
[Round "9.5"]
[White "Koziak, Vitali"]
[Black "Bedouin, Xavier"]
[Result "1/2-1/2"]
[WhiteElo "2479"]
[BlackElo "2353"]
[PlyCount "102"]
[EventDate "2016.10.22"]
[EventType "swiss"]
[EventRounds "9"]
[EventCountry "FRA"]
[SourceTitle "EXT 2019"]
[Source "ChessBase"]
[SourceDate "2018.10.10"]
[SourceVersion "1"]
[SourceVersionDate "2018.10.10"]
[SourceQuality "1"]

1. d4 Nf6 2. c4 g6 3. Nc3 d5 4. Nf3 Bg7 5. Bf4 0-0 6. Rc1 Be6 7. e3 dxc4 8. Ng5 Bd5 9. e4 h6 10. exd5 hxg5 11. Bxg5 Nxd5 12. Bxc4 Nb6 13. Bb3 Nc6 14. d5 Nd4 15. 0-0 Qd7 16. Re1 Rfe8 17. h4 Rac8 18. Re3 c6 19. h5 gxh5 20. Qxh5 Qf5 21. g4 Qg6 22. Qxg6 fxg6 23. dxc6+ Nxb3 24. axb3 Rxc6 25. Rd1 e6 26. Bf4 Rf8 27. Be5 Bxe5 28. Rxe5 Rf4 29. Rd8+ Kf7 30. Re4 e5 31. Rxf4+ exf4 32. Rb8 Rc7 33. Nb5 Rd7 34. Nxa7 Kf6 35. Nc6 Kg5 36. Na5 Kxg4 37. Rxb7 Rd1+ 38. Kg2 f3+ 39. Kh2 Nd5 40. Nc4 Rf1 41. Ne5+ Kf4 42. Nxg6+ Ke4 43. Nh4 Rxf2+ 44. Kg3 Rd2 45. Rf7 f2 46. Rxf2 Rxf2 47. Kxf2 Kd3 48. Nf5 Kc2 49. Ne3+ Nxe3 50. Kxe3 Kxb3 51. Kd2 Kxb2 1/2-1/2

[Event "Sautron op 16th"]
[Site "Sautron"]
[Date "2016.10.22"]
[Round "2.2"]
[White "Bedouin, Xavier"]
[Black "Maiorov, Nikita"]
[Result "1/2-1/2"]
[WhiteElo "2353"]
[BlackElo "2535"]
[PlyCount "80"]
[EventDate "2016.10.22"]
[EventType "swiss"]
[EventRounds "9"]
[EventCountry "FRA"]
[SourceTitle "EXT 2019"]
[Source "ChessBase"]
[SourceDate "2018.10.10"]
[SourceVersion "1"]
[SourceVersionDate "2018.10.10"]
[SourceQuality "1"]

1. e4 e5 2. Nf3 Nc6 3. Bb5 a6 4. Ba4 Nf6 5. 0-0 Be7 6. Re1 b5 7. Bb3 d6 8. c3 0-0 9. h3 Nb8 10. d4 Nbd7 11. Nbd2 Bb7 12. Bc2 Re8 13. Nf1 Bf8 14. Ng3 g6 15. a4 Nb6 16. dxe5 dxe5 17. Qxd8 Raxd8 18. axb5 axb5 19. Bg5 Bg7 20. Ra7 Rb8 21. Bd3 c6 22. b3 Nfd7 23. Nf1 Bf8 24. Bc2 Nc8 25. Ra2 Nd6 26. N3d2 Bc8 27. Be3 b4 28. cxb4 Nb5 29. Bd3 Nd4 30. Rc1 Bxb4 31. Ra4 c5 32. Ra7 Nb6 33. Bxd4 exd4 34. Nf3 Be6 35. N1d2 Bc3 36. Nb1 Bxb3 37. Nxc3 dxc3 38. Rxc3 c4 39. Nd2 Red8 40. Nxb3 Rxd3 1/2-1/2

[Event "Sautron op 16th"]
[Site "Sautron"]
[Date "2016.10.22"]
[Round "7.5"]
[White "Bogdanov, Egor"]
[Black "Bedouin, Xavier"]
[Result "1-0"]
[WhiteElo "2400"]
[BlackElo "2353"]
[PlyCount "117"]
[EventDate "2016.10.22"]
[EventType "swiss"]
[EventRounds "9"]
[EventCountry "FRA"]
[SourceTitle "EXT 2019"]
[Source "ChessBase"]
[SourceDate "2018.10.10"]
[SourceVersion "1"]
[SourceVersionDate "2018.10.10"]
[SourceQuality "1"]

1. e4 c5 2. Nf3 g6 3. d4 cxd4 4. Nxd4 Nc6 5. Nc3 Bg7 6. Be3 Nf6 7. Bc4 0-0 8. Bb3 d5 9. exd5 Na5 10. Nf3 b6 11. Qd2 Bb7 12. 0-0-0 Qc7 13. d6 exd6 14. Qxd6 Qxd6 15. Rxd6 Ng4 16. Bd5 Nxe3 17. fxe3 Bxc3 18. bxc3 Bxd5 19. Rxd5 Rac8 20. Rd3 Rfe8 21. Re1 Re4 22. Nd2 Ra4 23. Kb1 Rg4 24. g3 Nc4 25. Nxc4 Rgxc4 26. Kb2 R8c7 27. Rf1 R4c5 28. Rf4 Kg7 29. Rfd4 h5 30. a4 Kf6 31. Kb3 Ke5 32. h4 a5 33. c4 R5c6 34. Rf4 Rd6 35. g4 hxg4 36. Rxg4 Rcc6 37. Rgd4 Rf6 38. h5 gxh5 39. Rd5+ Ke6 40. Rxh5 Rf1 41. Rd4 Rb1+ 42. Kc3 Rb4 43. Re4+ Kd7 44. Rd5+ Kc7 45. Re7+ Kb8 46. Rd8+ Rc8 47. Rxc8+ Kxc8 48. Rxf7 Rxa4 49. e4 Ra1 50. c5 bxc5 51. Kc4 Ra4+ 52. Kd5 Rd4+ 53. Kc6 Kd8 54. e5 Ke8 55. Ra7 Rc4 56. Kd6 Rxc2 57. Ra8+ Kf7 58. e6+ Kg7 59. e7 1-0

[Event "FRA Cup final"]
[Site "Saint Quentin"]
[Date "2016.06.25"]
[Round "1.1"]
[White "Bedouin, Xavier"]
[Black "Kovalenko, Igor"]
[Result "1/2-1/2"]
[WhiteElo "2337"]
[BlackElo "2668"]
[PlyCount "104"]
[EventDate "2016.06.25"]
[EventType "team-k.o."]
[EventRounds "2"]
[EventCountry "FRA"]
[SourceTitle "CBM 173 Extra"]
[Source "ChessBase"]
[SourceDate "2016.08.29"]
[SourceVersion "1"]
[SourceVersionDate "2016.08.29"]
[SourceQuality "1"]
[WhiteTeam "Poitiers Migne"]
[BlackTeam "Saint Quentin"]
[WhiteTeamCountry "FRA"]
[BlackTeamCountry "FRA"]

1. e4 c5 2. c3 Nf6 3. e5 Nd5 4. Nf3 d6 5. d4 cxd4 6. Qxd4 e6 7. Nbd2 a6 8. g3 dxe5 9. Qxe5 Nd7 10. Qe2 b5 11. Bg2 Bb7 12. 0-0 Be7 13. Ne4 0-0 14. Rd1 Qc7 15. a4 bxa4 16. Rxa4 N7b6 17. Ra1 a5 18. Nd4 a4 19. Bg5 Bxg5 20. Nxg5 h6 21. Ngxe6 fxe6 22. Nxe6 Rae8 23. Nxc7 Rxe2 24. Nxd5 Bxd5 25. Bxd5+ Nxd5 26. Rxd5 Rfxf2 27. Rh5 Rg2+ 28. Kh1 Rxb2 29. Rxa4 Rgc2 30. Ra1 Kh7 31. Rh4 Rxc3 32. Rd1 Rcc2 33. Ra1 Rd2 34. Rc1 Ra2 35. Rb1 Rdc2 36. Rd1 g6 37. Rd7+ Kg8 38. Rd1 Kg7 39. Rd7+ Kg8 40. Rd8+ Kf7 41. Rd7+ Ke6 42. Rd1 h5 43. Rf1 Re2 44. Kg1 Ke5 45. Kh1 Rg2 46. Rf8 Rgf2 47. Rxf2 Rxf2 48. Kg1 Rd2 49. Rf4 g5 50. Rf8 Ke4 51. Rf7 Rc2 52. Rf8 Rd2 1/2-1/2

[Event "Sautron op 15th"]
[Site "Sautron"]
[Date "2015.10.24"]
[Round "4.4"]
[White "Bedouin, Xavier"]
[Black "Bailet, Pierre"]
[Result "0-1"]
[WhiteElo "2334"]
[BlackElo "2515"]
[PlyCount "86"]
[EventDate "2015.10.24"]
[EventType "swiss"]
[EventRounds "9"]
[EventCountry "FRA"]
[SourceTitle "CBM 169 Extra"]
[Source "ChessBase"]
[SourceDate "2015.12.18"]
[SourceVersion "1"]
[SourceVersionDate "2015.12.18"]
[SourceQuality "1"]

1. e4 g6 2. d4 Bg7 3. Nf3 d6 4. c3 Nf6 5. Bd3 0-0 6. 0-0 Nc6 7. h3 e5 8. dxe5 Nxe5 9. Nxe5 dxe5 10. Qe2 Nh5 11. Na3 Qe7 12. Bc4 Bd7 13. Rd1 Rad8 14. Nc2 Bc8 15. Be3 Nf4 16. Qf3 Qf6 17. Kh2 a5 18. a4 h5 19. Bc5 Rxd1 20. Rxd1 Rd8 21. Rxd8+ Qxd8 22. Be3 Qe7 23. Qd1 Bd7 24. Bb5 Be6 25. Na3 Kh7 26. Bf1 Bd7 27. g3 Ne6 28. h4 Bc6 29. f3 Bh6 30. Bxh6 Kxh6 31. Bb5 Qc5 32. Qd2+ Kg7 33. Kg2 Bxb5 34. Nxb5 Qc4 35. Qd1 Nc5 36. Nxc7 Nxa4 37. Ne8+ Kf8 38. Nd6 Qc6 39. Qb3 Qxd6 40. Qxa4 Qd2+ 41. Kh3 Qc1 42. Qa3+ Kg7 43. g4 hxg4+ 0-1

[Event "Sautron op 15th"]
[Site "Sautron"]
[Date "2015.10.23"]
[Round "6.14"]
[White "Bedouin, Xavier"]
[Black "Ginovart, Axel"]
[Result "1/2-1/2"]
[WhiteElo "2334"]
[BlackElo "2153"]
[PlyCount "132"]
[EventDate "2015.10.24"]
[EventType "swiss"]
[EventRounds "9"]
[EventCountry "FRA"]
[SourceTitle "EXT 2019"]
[Source "ChessBase"]
[SourceDate "2018.10.10"]
[SourceVersion "1"]
[SourceVersionDate "2018.10.10"]
[SourceQuality "1"]

1. Nf3 Nf6 2. g3 b6 3. Bg2 Bb7 4. 0-0 g6 5. c4 Bg7 6. d4 0-0 7. Bf4 Nh5 8. Be3 c5 9. Nc3 d6 10. d5 Ba6 11. Qd3 Bc8 12. Bg5 Nd7 13. e4 h6 14. Bd2 Nhf6 15. h3 Rb8 16. Rfe1 Ne8 17. b3 a6 18. a4 Nc7 19. Bf1 Kh7 20. Qc2 Ne5 21. Nh2 Nd7 22. Rad1 Nf6 23. Be3 Bd7 24. f4 b5 25. axb5 axb5 26. g4 bxc4 27. bxc4 Na6 28. e5 Ne8 29. Nf3 f5 30. exf6 exf6 31. f5 g5 32. h4 Nec7 33. hxg5 hxg5 34. Ne4 Kg8 35. Qh2 Nb4 36. Ra1 Ne8 37. Ra7 Rb6 38. Nxc5 dxc5 39. Bxc5 Rf7 40. Rea1 Bf8 41. Bxf8 Rxf8 42. c5 Nxd5 43. Bc4 Kg7 44. cxb6 Qxb6+ 45. Qf2 Qc6 46. Qd4 Nb6 47. Nxg5 Rh8 48. Ne6+ Kg8 49. Nc5+ Kf8 50. Nxd7+ Nxd7 51. Bd5 Qd6 52. R7a2 Ne5 53. Rd1 Rh4 54. Rg2 Nxg4 55. Qa7 Qc7 56. Qxc7 Nxc7 57. Bc6 Ne5 58. Rc1 Rf4 59. Bd7 Nd5 60. Rg8+ Kxg8 61. Be6+ Kg7 62. Bxd5 Rxf5 63. Rc7+ Kh6 64. Kg2 Rg5+ 65. Kf1 Rg7 66. Rxg7 Kxg7 1/2-1/2

[Event "Sautron op 15th"]
[Site "Sautron"]
[Date "2015.10.23"]
[Round "9.13"]
[White "Bedouin, Xavier"]
[Black "Noulet, Jeremy"]
[Result "1-0"]
[WhiteElo "2334"]
[BlackElo "1969"]
[PlyCount "35"]
[EventDate "2015.10.24"]
[EventType "swiss"]
[EventRounds "9"]
[EventCountry "FRA"]
[SourceTitle "EXT 2019"]
[Source "ChessBase"]
[SourceDate "2018.10.10"]
[SourceVersion "1"]
[SourceVersionDate "2018.10.10"]
[SourceQuality "1"]

1. Nf3 d5 2. g3 Nf6 3. Bg2 e6 4. 0-0 b6 5. d3 Bb7 6. Nbd2 c5 7. e4 dxe4 8. dxe4 Nc6 9. e5 Nd7 10. Re1 Qc7 11. Nc4 Rd8 12. Bg5 Rc8 13. Bf4 Be7 14. c3 a6 15. Ng5 Nf8 16. Ne4 Rd8 17. Ned6+ Bxd6 18. exd6 1-0

[Event "Plancoet op 12th"]
[Site "Plancoet"]
[Date "2015.07.28"]
[Round "4"]
[White "Bedouin, Xavier"]
[Black "Ochsner, Bjorn Moller"]
[Result "0-1"]
[WhiteElo "2337"]
[BlackElo "2396"]
[PlyCount "64"]
[EventDate "2015.07.26"]
[EventType "swiss"]
[EventRounds "9"]
[EventCountry "FRA"]
[SourceTitle "EXT 2016"]
[Source "ChessBase"]
[SourceDate "2015.10.08"]
[SourceVersion "1"]
[SourceVersionDate "2015.10.08"]
[SourceQuality "1"]

1. e4 c5 2. c3 Nf6 3. e5 Nd5 4. d4 cxd4 5. cxd4 d6 6. Nf3 e6 7. Bc4 Nc6 8. 0-0 Be7 9. Qe2 0-0 10. Nc3 Nxc3 11. bxc3 dxe5 12. dxe5 Qa5 13. Bd2 Rd8 14. Rfe1 b6 15. Bb3 Bb7 16. Qe4 Rd7 17. Bc2 g6 18. Qf4 Rad8 19. h4 Rxd2 20. Nxd2 Qxc3 21. Ne4 Qxc2 22. Rac1 Qd3 23. Red1 Qxd1+ 24. Rxd1 Rxd1+ 25. Kh2 Rd4 26. Qe3 Rd5 27. f4 Nxe5 28. fxe5 Rxe5 29. Qc3 Rxe4 30. Qc7 Bf8 31. Qxb7 Rxh4+ 32. Kg3 Ra4 0-1

[Event "FRA-chT Top 12"]
[Site "Montpellier"]
[Date "2015.06.08"]
[Round "10.4"]
[White "Degraeve, Jean Marc"]
[Black "Bedouin, Xavier"]
[Result "1-0"]
[WhiteElo "2555"]
[BlackElo "2336"]
[PlyCount "45"]
[EventDate "2015.05.30"]
[EventType "team-tourn"]
[EventRounds "11"]
[EventCountry "FRA"]
[SourceTitle "CBM 166 Extra"]
[Source "ChessBase"]
[SourceDate "2015.06.18"]
[SourceVersion "1"]
[SourceVersionDate "2015.06.18"]
[SourceQuality "1"]
[WhiteTeam "Mulhouse Philidor"]
[BlackTeam "Poitiers Migne"]
[WhiteTeamCountry "FRA"]
[BlackTeamCountry "FRA"]

1. e4 c5 2. Nf3 Nc6 3. Bb5 e6 4. 0-0 Nge7 5. Re1 a6 6. Bf1 d5 7. d3 dxe4 8. dxe4 Qxd1 9. Rxd1 Ng6 10. a4 Be7 11. Na3 Nge5 12. Nd2 g5 13. Ndc4 Bd7 14. Be3 f6 15. Nd6+ Bxd6 16. Rxd6 Nd8 17. Bxc5 Bxa4 18. Rad1 Bc6 19. Nc4 Nef7 20. R6d2 Rc8 21. Ba3 Rg8 22. h3 h5 23. b3 1-0

[Event "FRA-chT Top 12"]
[Site "Montpellier"]
[Date "2015.06.05"]
[Round "7.2"]
[White "Sasikiran, Krishnan"]
[Black "Bedouin, Xavier"]
[Result "1-0"]
[WhiteElo "2642"]
[BlackElo "2336"]
[PlyCount "69"]
[EventDate "2015.05.30"]
[EventType "team-tourn"]
[EventRounds "11"]
[EventCountry "FRA"]
[SourceTitle "CBM 166 Extra"]
[Source "ChessBase"]
[SourceDate "2015.06.18"]
[SourceVersion "1"]
[SourceVersionDate "2015.06.18"]
[SourceQuality "1"]
[WhiteTeam "Grasse Echecs"]
[BlackTeam "Poitiers Migne"]
[WhiteTeamCountry "FRA"]
[BlackTeamCountry "FRA"]

1. d4 Nf6 2. c4 e6 3. Nc3 d5 4. cxd5 exd5 5. Bg5 c6 6. Qc2 h6 7. Bh4 g6 8. e3 Bf5 9. Bd3 Bxd3 10. Qxd3 Nbd7 11. Nge2 Bg7 12. f3 0-0 13. 0-0 Re8 14. Rad1 Qe7 15. Bf2 Rad8 16. Rfe1 a6 17. h3 c5 18. Nf4 Qd6 19. dxc5 Nxc5 20. Qd2 Ne6 21. Nfxd5 Nxd5 22. Nxd5 Qe5 23. e4 f5 24. Bb6 Rc8 25. b3 fxe4 26. Rxe4 Qf5 27. Qe2 Rc6 28. Be3 Kh7 29. Nb4 Rc3 30. Nd5 Rc6 31. Nb4 Rc3 32. Rd7 Nc5 33. Rxg7+ Kxg7 34. Rxe8 a5 35. Bd4+ 1-0

[Event "FRA-chT Top 12"]
[Site "Montpellier"]
[Date "2015.05.31"]
[Round "2.4"]
[White "Bedouin, Xavier"]
[Black "Libiszewski, Fabien"]
[Result "1/2-1/2"]
[WhiteElo "2336"]
[BlackElo "2531"]
[PlyCount "44"]
[EventDate "2015.05.30"]
[EventType "team-tourn"]
[EventRounds "11"]
[EventCountry "FRA"]
[SourceTitle "CBM 166 Extra"]
[Source "ChessBase"]
[SourceDate "2015.06.18"]
[SourceVersion "1"]
[SourceVersionDate "2015.06.18"]
[SourceQuality "1"]
[WhiteTeam "Poitiers Migne"]
[BlackTeam "Montpellier"]
[WhiteTeamCountry "FRA"]
[BlackTeamCountry "FRA"]

1. e4 d6 2. d4 Nf6 3. Nc3 g6 4. Nf3 Bg7 5. h3 0-0 6. Be3 a6 7. a4 b6 8. Bd3 Bb7 9. 0-0 Nc6 10. Qd2 e5 11. d5 Ne7 12. Rfd1 c6 13. dxc6 Bxc6 14. Bg5 Qc7 15. Qe2 d5 16. Bxf6 Bxf6 17. exd5 Nxd5 18. Nxd5 Bxd5 19. Bxa6 Bxf3 20. Qxf3 Rxa6 21. Qxf6 Qxc2 22. Qxe5 Rxa4 1/2-1/2

[Event "Sautron op 14th"]
[Site "Sautron"]
[Date "2014.10.26"]
[Round "4"]
[White "Goupil, Arnaud"]
[Black "Bedouin, Xavier"]
[Result "0-1"]
[WhiteElo "2116"]
[BlackElo "2324"]
[PlyCount "46"]
[EventDate "2014.10.26"]
[EventType "swiss"]
[EventRounds "9"]
[EventCountry "FRA"]
[SourceTitle "EXT 2016"]
[Source "ChessBase"]
[SourceDate "2015.10.08"]
[SourceVersion "1"]
[SourceVersionDate "2015.10.08"]
[SourceQuality "1"]

1. d4 d5 2. Nf3 Nf6 3. c4 dxc4 4. e3 e6 5. Bxc4 c5 6. 0-0 a6 7. a4 Nc6 8. Nc3 cxd4 9. exd4 Nb4 10. Bg5 Be7 11. Qe2 0-0 12. Rad1 Nfd5 13. Bxe7 Nxe7 14. Ne5 Qc7 15. Rfe1 Bd7 16. Bb3 Rad8 17. Qh5 Bc8 18. Re3 Nf5 19. Rh3 h6 20. Ne2 Nd5 21. Bxd5 Rxd5 22. Rc3 Qxe5 23. g4 Qxe2 0-1

[Event "Sables d'Olonne op 1st"]
[Site "Sables d'Olonne"]
[Date "2014.07.12"]
[Round "1"]
[White "Hubert, Raphael"]
[Black "Bedouin, Xavier"]
[Result "1-0"]
[WhiteElo "2025"]
[BlackElo "2341"]
[PlyCount "141"]
[EventDate "2014.07.12"]
[EventType "swiss"]
[EventRounds "9"]
[EventCountry "FRA"]
[SourceTitle "CBM 161 Extra"]
[Source "ChessBase"]
[SourceDate "2014.08.29"]
[SourceVersion "1"]
[SourceVersionDate "2014.08.29"]
[SourceQuality "1"]

1. e4 c5 2. Nf3 g6 3. Bc4 Bg7 4. d4 cxd4 5. 0-0 Nc6 6. Bf4 Nf6 7. Nxd4 0-0 8. Nc3 Nxe4 9. Nxc6 Nxc3 10. Nxd8 Nxd1 11. Nxf7 e6 12. Raxd1 Rxf7 13. Bc1 d5 14. Bb3 b5 15. Rfe1 Bd7 16. c3 a5 17. a3 Rc8 18. Be3 b4 19. axb4 axb4 20. cxb4 Bxb2 21. Bc5 Rb8 22. Re3 Bg7 23. h4 Bf8 24. h5 gxh5 25. Rg3+ Rg7 26. Rh3 Be8 27. Re3 Bf7 28. Ra1 Rg4 29. Bd1 Rf4 30. Rg3+ Kh8 31. Ba7 Rb7 32. Be3 h4 33. Ra8 hxg3 34. Bxf4 Kg7 35. Be5+ Kg6 36. Bc2+ Kg5 37. f4+ Kh6 38. Rxf8 Bg6 39. f5 exf5 40. Bxg3 Rxb4 41. Bxf5 Kg5 42. Be6 Be4 43. Rf2 Rc4 44. Be5 Rc2 45. Rxc2 Bxc2 46. Bxd5 Kf5 47. Bc7 Kg4 48. Bf3+ Kg5 49. Kf2 Bg6 50. g3 Bb1 51. Bf4+ Kf5 52. Ke3 Bc2 53. Bh5 Kf6 54. Bh6 Ke5 55. Bg4 Kf6 56. Kf4 Kg6 57. Bg5 h6 58. Bh4 Bd3 59. Bf3 Bc4 60. Be4+ Kf7 61. Ke5 Bf1 62. Kd6 Be2 63. Bd5+ Kg6 64. Ke7 Bd1 65. Be4+ Kg7 66. Bf6+ Kg8 67. Bd5+ Kh7 68. Bf7 Be2 69. Bd4 Bd3 70. Kf6 Bc2 71. Be6 1-0

[Event "FRA Cup"]
[Site "Nice"]
[Date "2014.06.29"]
[Round "2.4"]
[White "Bedouin, Xavier"]
[Black "Shoker, Samy"]
[Result "0-1"]
[WhiteElo "2346"]
[BlackElo "2482"]
[PlyCount "92"]
[EventDate "2014.06.28"]
[EventType "team-match"]
[EventRounds "2"]
[EventCountry "FRA"]
[SourceTitle "CBM 161 Extra"]
[Source "ChessBase"]
[SourceDate "2014.08.29"]
[SourceVersion "1"]
[SourceVersionDate "2014.08.29"]
[SourceQuality "1"]
[WhiteTeam "Migne Auxances"]
[BlackTeam "Bois Colombes"]
[WhiteTeamCountry "FRA"]
[BlackTeamCountry "FRA"]

1. e4 g6 2. d4 Bg7 3. Nc3 d6 4. f4 Nf6 5. Nf3 c5 6. Bb5+ Bd7 7. e5 Ng4 8. Bxd7+ Qxd7 9. d5 dxe5 10. h3 e4 11. hxg4 exf3 12. Qxf3 Na6 13. Bd2 0-0-0 14. 0-0-0 Nc7 15. Be1 f5 16. gxf5 Qxf5 17. g4 Qf7 18. Kb1 h5 19. Bh4 Rd7 20. Ne4 Rxd5 21. Rxd5 Qxd5 22. Bxe7 hxg4 23. Qxg4+ Kb8 24. Rxh8+ Bxh8 25. Qe2 Ne6 26. Bd6+ Kc8 27. c3 b6 28. a3 Kb7 29. Kc2 Kc6 30. Bb8 Qf5 31. Qd3 c4 32. Qxc4+ Nc5 33. Bxa7 Qxe4+ 34. Qxe4+ Nxe4 35. Bb8 Nc5 36. c4 Nd7 37. Ba7 Kb7 38. Bxb6 Nxb6 39. b3 Kc6 40. Kd3 Bb2 41. a4 Bc1 42. Ke4 Nd7 43. f5 g5 44. b4 Nf6+ 45. Kd3 Ba3 46. b5+ Kb6 0-1

[Event "Metz op 32nd"]
[Site "Metz"]
[Date "2014.05.08"]
[Round "8"]
[White "Mazur, Stefan"]
[Black "Bedouin, Xavier"]
[Result "1/2-1/2"]
[WhiteElo "2426"]
[BlackElo "2338"]
[PlyCount "116"]
[EventDate "2014.05.03"]
[EventType "swiss"]
[EventRounds "9"]
[EventCountry "FRA"]
[SourceTitle "CBM 160 Extra"]
[Source "ChessBase"]
[SourceDate "2014.07.01"]
[SourceVersion "1"]
[SourceVersionDate "2014.07.01"]
[SourceQuality "1"]

1. e4 c5 2. Nf3 g6 3. d4 cxd4 4. Nxd4 Nc6 5. Nc3 Bg7 6. Be3 Nf6 7. Bc4 0-0 8. Bb3 d6 9. f3 Bd7 10. Qd2 Nxd4 11. Bxd4 b5 12. a4 b4 13. Nd5 Nxd5 14. Bxg7 Kxg7 15. exd5 Qa5 16. 0-0 Qc5+ 17. Kh1 e5 18. dxe6 Bxe6 19. Bxe6 fxe6 20. Rfe1 e5 21. Rad1 Rac8 22. h3 Rf4 23. Rc1 Qd4 24. Qe2 Qc4 25. Qf2 Qd4 26. Qf1 Qc4 27. Qg1 Qd4 28. Red1 Qxg1+ 29. Kxg1 Rd4 30. Rxd4 exd4 31. Rd1 Rxc2 32. b3 Rc3 33. Rxd4 Rxb3 34. Rxd6 h5 35. Ra6 Ra3 36. Kf2 b3 37. Rxa7+ Kf6 38. Ra5 Ra2+ 39. Kg3 h4+ 40. Kh2 g5 41. Rb5 Rxa4 42. Rxb3 Ra1 43. Rb2 Kg6 44. Rb4 Rc1 45. Rg4 Kh5 46. Re4 Ra1 47. Re6 Rb1 48. Rf6 Ra1 49. Rf8 Kg6 50. Rg8+ Kh6 51. Rh8+ Kg7 52. Rb8 Kg6 53. Rb5 Rc1 54. Rb6+ Kh5 55. Rb8 Kg6 56. Rb2 Ra1 57. Rb4 Rc1 58. Rb2 Ra1 1/2-1/2

[Event "Metz op 32nd"]
[Site "Metz"]
[Date "2014.05.05"]
[Round "4"]
[White "Bedouin, Xavier"]
[Black "Ider, Borya"]
[Result "1-0"]
[WhiteElo "2338"]
[BlackElo "2392"]
[PlyCount "115"]
[EventDate "2014.05.03"]
[EventType "swiss"]
[EventRounds "9"]
[EventCountry "FRA"]
[SourceTitle "CBM 160 Extra"]
[Source "ChessBase"]
[SourceDate "2014.07.01"]
[SourceVersion "1"]
[SourceVersionDate "2014.07.01"]
[SourceQuality "1"]

1. e4 e6 2. d4 d5 3. Nd2 c5 4. exd5 Qxd5 5. dxc5 Bxc5 6. Ngf3 Nf6 7. Bc4 Qc6 8. Qe2 Nbd7 9. 0-0 0-0 10. Nb3 b6 11. Nxc5 Qxc5 12. b3 Bb7 13. Bb2 Rac8 14. Rfe1 Nh5 15. Ne5 Ndf6 16. g3 Ne4 17. Qe3 Qxe3 18. Rxe3 Nhf6 19. Rd1 Rfd8 20. Rxd8+ Rxd8 21. Rd3 Rc8 22. f3 Nc5 23. Rd2 h5 24. h4 Nd5 25. Be2 Ne7 26. Kf2 Nf5 27. Nd3 Nxd3+ 28. Bxd3 Ne7 29. Be2 Bc6 30. Ba6 Re8 31. Rd6 b5 32. Ba3 Rb8 33. Bc5 Bd5 34. Bxa7 Ra8 35. Bc5 Nc6 36. Bxb5 Rxa2 37. Bd3 f5 38. f4 Na5 39. Rd8+ Kh7 40. Ke3 Nb7 41. Rc8 Ra1 42. Kd4 Bf3 43. Bb4 Rg1 44. c4 Rxg3 45. c5 Rg4 46. Ke5 Rg3 47. Bc4 Bg2 48. c6 Re3+ 49. Kd4 Re4+ 50. Kd3 Rxf4 51. c7 Rf3+ 52. Kd4 e5+ 53. Kxe5 Re3+ 54. Kd4 f4 55. Rh8+ Kxh8 56. c8Q+ Kh7 57. Qf5+ g6 58. Qf7+ 1-0

[Event "Sautron op 13th"]
[Site "Sautron"]
[Date "2013.10.??"]
[Round "3"]
[White "Bedouin, Xavier"]
[Black "Caderon, Michel"]
[Result "0-1"]
[WhiteElo "2345"]
[BlackElo "2010"]
[PlyCount "70"]
[EventDate "2013.10.26"]
[EventType "swiss"]
[EventRounds "9"]
[EventCountry "FRA"]
[SourceTitle "EXT 2016"]
[Source "ChessBase"]
[SourceDate "2015.10.08"]
[SourceVersion "1"]
[SourceVersionDate "2015.10.08"]
[SourceQuality "1"]

1. d4 Nf6 2. c4 g6 3. Nc3 Bg7 4. e3 0-0 5. Be2 c5 6. d5 d6 7. Nf3 Na6 8. 0-0 Nc7 9. Nd2 b6 10. Qc2 e6 11. e4 e5 12. a3 Nfe8 13. b4 f5 14. bxc5 dxc5 15. Nb5 Nxb5 16. cxb5 fxe4 17. Nxe4 Bf5 18. f3 Nd6 19. Bb2 Qc7 20. Bc4 Qd7 21. Qe2 Bxe4 22. fxe4 Qe7 23. a4 Qh4 24. g3 Qe7 25. Rxf8+ Rxf8 26. a5 Qf6 27. Rf1 Qxf1+ 28. Qxf1 Rxf1+ 29. Bxf1 Nxe4 30. a6 Kf7 31. Bd3 Nd6 32. Kf2 e4 33. Bxg7 Kxg7 34. Be2 Kf6 35. h4 h6 0-1

[Event "Sautron op 13th"]
[Site "Sautron"]
[Date "2013.10.??"]
[Round "5"]
[White "Bedouin, Xavier"]
[Black "Nouhaud, Laurent"]
[Result "1-0"]
[WhiteElo "2345"]
[BlackElo "1741"]
[PlyCount "65"]
[EventDate "2013.10.26"]
[EventType "swiss"]
[EventRounds "9"]
[EventCountry "FRA"]
[SourceTitle "EXT 2016"]
[Source "ChessBase"]
[SourceDate "2015.10.08"]
[SourceVersion "1"]
[SourceVersionDate "2015.10.08"]
[SourceQuality "1"]

1. e4 b6 2. d4 Bb7 3. Bd3 e6 4. Nf3 g6 5. 0-0 Bg7 6. Re1 Ne7 7. c4 0-0 8. Nc3 h6 9. Bd2 a6 10. Rc1 d6 11. d5 e5 12. b4 Nd7 13. Na4 Nf6 14. c5 Bc8 15. cxb6 cxb6 16. Be3 b5 17. Nb6 Rb8 18. Nxc8 Rxc8 19. Rxc8 Qxc8 20. Qb3 Qb7 21. a4 Ng4 22. Bc1 Qb6 23. Re2 f5 24. axb5 axb5 25. Bb2 fxe4 26. Bxe4 h5 27. h3 Nf6 28. Bxe5 Nxe4 29. Bxg7 Kxg7 30. Rxe4 Nf5 31. Qb2+ Kh7 32. Ng5+ Kg8 33. g4 1-0

[Event "Metz op 31th"]
[Site "Metz"]
[Date "2013.04.20"]
[Round "1"]
[White "Bedouin, Xavier"]
[Black "Peyre, Camille"]
[Result "1/2-1/2"]
[WhiteElo "2387"]
[BlackElo "1982"]
[PlyCount "132"]
[EventDate "2013.04.20"]
[EventType "swiss"]
[EventRounds "9"]
[EventCountry "FRA"]
[SourceTitle "EXT 2016"]
[Source "ChessBase"]
[SourceDate "2015.10.08"]
[SourceVersion "1"]
[SourceVersionDate "2015.10.08"]
[SourceQuality "1"]

1. e4 c5 2. c3 e6 3. d4 d5 4. e5 Bd7 5. Nf3 Qb6 6. a3 Bb5 7. b4 cxb4 8. Bxb5+ Qxb5 9. cxb4 Ne7 10. Nc3 Qb6 11. 0-0 Nbc6 12. Na4 Qc7 13. Be3 Nf5 14. Rc1 a6 15. Nc5 Be7 16. Qa4 Rc8 17. Rc3 0-0 18. Nxa6 Qd7 19. Nc5 Bxc5 20. bxc5 Nxe5 21. Qxd7 Nxd7 22. Rb3 Nxe3 23. fxe3 Rc7 24. Rfb1 Rb8 25. a4 Kf8 26. a5 Ra8 27. Rxb7 Rxb7 28. Rxb7 Ke8 29. Ng5 Rxa5 30. Nxf7 Kxf7 31. Rxd7+ Kf6 32. Kf2 Ra2+ 33. Kf3 Rc2 34. h4 h5 35. g3 g5 36. hxg5+ Kxg5 37. Rg7+ Kf6 38. Rh7 Kg6 39. Rh8 Kg5 40. Rc8 Kf6 41. Ra8 Kf5 42. Ra1 e5 43. dxe5 Rxc5 44. Rh1 Kxe5 45. Rxh5+ Kf6 46. g4 Ra5 47. Rf5+ Kg6 48. Rf8 Kg5 49. Rd8 Rb5 50. Rd6 Ra5 51. Re6 Rb5 52. Kg3 d4 53. exd4 Rb3+ 54. Kf2 Kxg4 55. Ke2 Kf5 56. Re8 Kf6 57. Kd2 Kf5 58. Kc2 Ra3 59. Kd2 Kf6 60. Re3 Rxe3 61. Kxe3 Ke6 62. Ke4 Kd6 63. d5 Kd7 64. Ke5 Ke7 65. d6+ Kd7 66. Kd5 Kd8 1/2-1/2